000 00227 a2200097 4500
001 47011
100 _aDupuy R
245 _aThe Encyclopedia of Military History
260 _aNew York
_bHarper & Row
_c
090 _c30079
_d30079
942 _aNUST-CAE
_cM
_c22313
999 _c282084
_d282084